Programación con Microsoft Excel 2000: macros y Visual Basic para aplicaciones
Saved in:
| Hovedforfatter: | |
|---|---|
| Format: | Bog |
| Sprog: | spansk |
| Udgivet: |
Madrid
McGraw-Hill
2000
|
| Fag: | |
| Tags: |
Tilføj Tag
Ingen Tags, Vær først til at tagge denne postø!
|
MARC
| LEADER | 00000nam a2200000 a 4500 | ||
|---|---|---|---|
| 001 | UCO8502 | ||
| 003 | CL-VaPUC | ||
| 008 | 001207e20000000SP |||||||||||||||||spa|d | ||
| 020 | |a 8448125312 | ||
| 082 | 0 | 4 | |a 005.369 |b JAC |2 21 |
| 100 | |a Jacobson, Reed |e author |9 453439 | ||
| 245 | 1 | 0 | |a Programación con Microsoft Excel 2000: macros y Visual Basic para aplicaciones |
| 300 | |a 381 p | ||
| 942 | |c BK | ||
| 945 | |d 20001207 00:00:00 |a cmena | ||
| 260 | |a Madrid |b McGraw-Hill |c 2000 | ||
| 500 | |a Incluye CD-Rom | ||
| 650 | 0 | |a Software computacional |9 384784 | |
| 650 | 7 | |a EXCEL 2000 |2 CL-VaPUC |9 453440 | |
| 650 | 0 | |a Programas de computadores |9 260046 | |
| 650 | 0 | |a Visual Basic |9 333464 | |
| 650 | 0 | |a Bases de datos |9 260577 | |
| 583 | |a last modification |c 20150417 17:45:04 |k Rodrigo Vera | ||
| 999 | |c 293117 |d 293115 | ||
| 952 | |0 0 |1 0 |4 0 |6 005_369000000000000_JAC_2000 |7 0 |8 A |9 344343 |a BIBING |b BIBING |d 2019-11-20 |i 3958094 |o 005.369 JAC 2000 |p 3958094 |r 2023-03-02 |w 2019-11-20 |y BK |k CCL | ||